000
002590000a22000970004500
100
1
_a
Tidwell, N.L.
245
1
0
_a
Mesha's hmslt b'rnn : What and where?
300
_a
Vol. 46, Num. 4 (Octubre, 1996), Páginas 490-497
773
0
_t
Vetus Testamentum
942
_c
ANA
999
_c
58053
_d
58053